000
00252nam a22001097a 4500
082
_a
620.045 MAI'E
100
_a
EVANS, FRANK L
_9
78310
245
_a
MAINTENACE SUPERVISOR'S HANDBOOK
260
_a
HOSTON
_b
GULF
_c
1962
300
_a
IX,365P
942
_c
BK
999
_c
583451
_d
583451